النفس الأمارة بالارتقاء / (رقم التسجيلة. 80740)

تفاصيل مارك
000 -الفاتح
عناصر البيانات ثابتة الطول 00695cam a2200217 i 4500
005 - تاريخ ووقت آخر معاملة
حقل ضبط 20251230120759.0
008 - عناصر البيانات ثابتة الطول
عناصر البيانات ثابتة الطول 250721s2013 jo gr 000 0 ara d
020 ## - الترقيم الدولي المعياري للكتب (ردمك)
الترقيم الدولي المعياري للكتب (ردمك) 9789957304249
082 14 - رقم تصنيف ديوي العشري
رقم التصنيف 218.9
رقم المادة ع ي د
100 1# - مدخل رئيسي – اسم شخصي
الاسم الشخصي عيد، عريب محمد
علاقة الشخص بالعمل/ دوره مؤلف.
245 12 - بيان العنوان
العنوان النفس الأمارة بالارتقاء /
بيان المسؤولية الدكتورة عريب محمد عيد.
250 ## - بيان الطبعة
بيان الطبعة الطبعة الأولى.
264 31 - بيانات النشر، التوزيع…إلخ
مكان النشر، التوزيع...إلخ عمان :
اسم الناشر، الموزع...إلخ فضاءات للنشر و التوزيع،
تاريخ النشر، التوزيع...إلخ 2013.
300 ## - الوصف المادي
عدد الوحدات المكونة للوعاء 166 صفحة.
650 17 - مدخل إضافي بالموضوع - مصطلح موضوعي
مصطلح موضوعي أو اسم جغرافي كعنصر مدخل التصوف.
650 17 - مدخل إضافي بالموضوع - مصطلح موضوعي
مصطلح موضوعي أو اسم جغرافي كعنصر مدخل الإسلام.
650 17 - مدخل إضافي بالموضوع - مصطلح موضوعي
مصطلح موضوعي أو اسم جغرافي كعنصر مدخل الله.
650 17 - مدخل إضافي بالموضوع - مصطلح موضوعي
مصطلح موضوعي أو اسم جغرافي كعنصر مدخل الحب.
942 ## - بيانات إضافية (كوها)
نوع التنصيف Dewey Decimal Classification
نوع المادة (كوها) كتب
المقتنيات
حالة السحب حالة الفقدان مصدر التصنيف حالة التلف غير قابل للإعارة المكتبة الرئيسية المكتبة الحالية موقع الرف تاريخ التزويد الرقم المتسلسل Total Checkouts رقم الإستدعاء الباركود تاريخ آخر ظهور تاريخ الفاتورة نوع المادة (كوها)
    Dewey Decimal Classification     المكتبة المركزية المكتبة المركزية الإعارة 28/07/2025 1555723   218.9 / ع ي د PLD00273582 28/07/2025 28/07/2025 كتب
    Dewey Decimal Classification     مكتبة أبو علندا العامة مكتبة أبو علندا العامة الإعارة 17/08/2013 1555729   218.9/عيد PLD00273748 28/07/2025 17/08/2013 كتب
    Dewey Decimal Classification     مكتبة أم قصير والمقابلين العامة مكتبة أم قصير والمقابلين العامة الإعارة 17/08/2013 1555728   218.9/عيد PLD00273747 28/07/2025 17/08/2013 كتب
    Dewey Decimal Classification     مكتبة الجويدة مكتبة الجويدة الإعارة 17/08/2013 1555724   218.9/عيد PLD00273743 28/07/2025 17/08/2013 كتب
    Dewey Decimal Classification     مكتبة الحسن العامة مكتبة الحسن العامة الإعارة 17/08/2013 1555726   218.9/عيد PLD00273745 28/07/2025 17/08/2013 كتب
    Dewey Decimal Classification     مكتبة النصر العامة مكتبة النصر العامة الإعارة 17/08/2013 1555731   218.9/عيد PLD00273750 28/07/2025 17/08/2013 كتب
    Dewey Decimal Classification     مكتبة وادي السير العامة مكتبة وادي السير العامة الإعارة 17/08/2013 1555732   218.9/عيد PLD00273751 28/07/2025 17/08/2013 كتب
    Dewey Decimal Classification     مكتبةمؤتة مكتبةمؤتة الإعارة 17/08/2013 1555725   218.9/عيد PLD00273744 28/07/2025 17/08/2013 كتب
Implemented & Customized by: BBB with SCIT (Smart Chains for Information Technology)

Powered by Koha